Normal view
MARC view
- महाजन, पुरुषोत्तम
Entry Personal Name
001 - CONTROL NUMBER
- control field: 217257
003 - CONTROL NUMBER IDENTIFIER
- control field: OSt
005 - DATE AND TIME OF LATEST TRANSACTION
- control field: 20260325105905.0
008 - FIXED-LENGTH DATA ELEMENTS
- fixed length control field: 260325|| aca||aabn | a|a d
040 ## - CATALOGING SOURCE
- Original cataloging agency: OSt
- Transcribing agency: OSt
100 ## - HEADING--PERSONAL NAME
- Personal name: महाजन, पुरुषोत्तम
670 ## - SOURCE DATA FOUND
- Source citation: Work cat.: (OSt)370771: महाजन, पुरुषोत्तम, मुद्रितशोधन व सर्जनशील लेखन ( Marathi Ref. )